| 000 | 00531nam a22001817a 4500 | ||
|---|---|---|---|
| 999 |
_c187839 _d187839 |
||
| 005 | 20220502114457.0 | ||
| 010 | _aENG-132465 | ||
| 020 |
_a9789385932472 _c495.00 |
||
| 035 | _aEN-115997 | ||
| 037 | _bDBAD/PUB | ||
| 082 | _a823.92 | ||
| 100 | _aKire, Easterine | ||
| 245 |
_aA Respectable Woman/ _cEasterine Kire |
||
| 260 |
_aNew Delhi _bZubaan _c2019 |
||
| 270 |
_a128 B, Shahpur Jat, 1st Floor _bNew Delhi _e110049 _mcontact@zubaanbooks.com |
||
| 300 |
_a182p. _c21cm(hbk) |
||
| 942 |
_2ddc _cEN _h823.92 _mKIR |
||